000 00456nam a2200145Ia 4500
008 100122s9999 xx 000 0 und d
082 _b29100
_a920
100 _aढोले द कृ
245 _aसैनिकाची बखर
260 _bचिंतामणी साहित्य सहयोग
_c1905
300 _a102
630 _aसैनिकाची बखर
730 _aसैनिकाची बखर
942 _cBOOK
999 _c414560
_d414557